000 00704nam a2200217Ii 4500
003 JO-AjNU
008 230605s9999||||xx |||||||||||||| ||und||
020 _a9935-429-60-X
040 _aJO-AjNU
_bara
_erda
_cJO-AjNU
041 _aara
050 1 4 _aPJ7696.L3.A17 2007
100 3 _aإعتنى به حمدو طماس,
_eauthor
_933662
245 0 0 _aديوان لبيد بن ربيعة
250 _aط2
264 3 1 _aبيروت:دار المعرفة للطباعة والنشر،2007
300 _a144ص
336 _atext
_btxt
_2rdacontent
337 _aunmediated
_bn
_2rdamedia
338 _avolume
_bnc
_2rdacarrier
650 4 _aالشعر العربي - عصر صدر الإسلام
_933663
999 _aA13724
_c17292
_d17292